| 000 | 00847nam a2200277 i 4500 | ||
|---|---|---|---|
| 001 | 13907 | ||
| 003 | ES-MaACL | ||
| 005 | 20230906150704.0 | ||
| 007 | t| | ||
| 008 | 960814s1996 sp ||||0| spa j | ||
| 020 | _a84-7799-127-8 | ||
| 040 |
_aM-BN _bspa _cM-BN |
||
| 080 | _a304.3"37" | ||
| 080 | _a316.663:316.346.2 | ||
| 100 | 1 |
_aAlvaro Page, Mariano. _921018 |
|
| 245 | 1 | 4 |
_aLos usos del tiempo como indicadores de la discriminación entre géneros / _cMariano Alvaro Page. |
| 260 |
_a[Madrid] : _bInstituto de la Mujer, _cD.L. 1996. |
||
| 300 |
_a320 p ; _c24 cm. |
||
| 490 | 1 |
_aEstudios ; _v46 |
|
| 650 | 1 | 4 |
_aEmpleo del tiempo. _912205 |
| 650 | 4 |
_aRol sexual. _916927 |
|
| 710 | 2 |
_aInstituto de la Mujer (España) _94980 |
|
| 830 | 0 |
_aEstudios ; _v46 _9177349 |
|
| 852 |
_aES-MaACL _jL-21282 _bR.125782 |
||
| 999 |
_c13907 _d13907 |
||